Wszyscy goście w piosenkach Szpaka. - Statystyki

Ogólne statystyki
  • Ten quiz został rozwiązany 54 razy
    44 od ostatniego zresetowania
  • Średni wynik to 11 z 16
Statystyki odpowiedzi
Piosenka Wykonawca % Poprawnych
BORuto, Szlam, Stare Graffiti Paluch
97%
Lavender Town, KABZZLOOK Białas
90%
Potwór Chivas
85%
Na Osiedlu Bedoes
79%
Rick and Morty, Żółwie Ninja Young Igi
74%
Wino Dziarma
69%
Oddajemy krew Wampirom Włodi
69%
Zły Zdechły Osa
69%
Mewtwo, KABZZLOOK Kaz Bałagane
67%
Biały Miś Kizo
67%
OVERHYPE9000 Tymek
67%
Stare Graffiti Sarius
62%
Mateusz Dragon Wielki, Biały Miś Rolex
59%
Fanlove Kadobe
41%
Biały Miś Młodzian Mrg
36%
Hello Kitty Coals
31%
Nie znaleziono quizów pasujących do podanych kryteriów
Rozkład punktacji
Procent ludzi z każdym wynikiem
Percentyl według liczby udzielonych odpowiedzi
Twoja historia wyników
Nie rozwiązałeś tego quizu od ostatniego zresetowania